Statistics for Largest U.S Cities with State Names

Click here to take the quiz!

General Stats

  • This quiz has been taken 59 times
    (24 since last reset)
  • The average score is 6 of 7

Answer Stats

Rank of all U.S CitiesPopulationCity% Correct
#38491,000Kansas City
100%
#18,300,000New York City
100%
#25669,000Oklahoma City
90%
#17864,000Indianapolis
86%
#44450,000Virginia Beach
76%
#20705,000Washington D.C
76%
#39472,000Colorado Springs
67%

Score Distribution

Percentile by Number Answered

Percent of People with Each Score

Your Score History

You have not taken this quiz since the last reset